00345nam a2200133 a 450000500170000000800410001702000180005805000230007610000180009924500360011726000320015330000130018565000130019820140412111428.0090627s19uu xx 00 eng d a0-439-91303-9 aTR(PS EbTe25 2006 aCabrera, Jane aTen in the bed /cJane Cabrera. aU.S.A :bScholastic,c2006. a1v. unp. aCounting